Can You Name All The Star Powers In Brawl Stars? - Statistics

General Stats
  • This quiz has been taken 1 time
  • The average score is 131 of 208
Answer Stats
Hint Answer % Correct
Lumi 42% Burnt
100%
Gigi A Helping Hand
100%
Ruffs Air Superiority
100%
Piper Ambush
100%
Tick Automa-Tick Reload
100%
Emz Bad Karma
100%
Shelly Band-Aid
100%
Bibi Batting Stance
100%
Nita Bear With Me
100%
Bull Berserker
100%
Tara Black Portal
100%
Bonnie Black Powder
100%
Buster BlockBuster
100%
Gale Blustery Blow
100%
8-Bit Boosted Booster
100%
Griif Business Resilience
100%
Squeak Chain Reaction
100%
Bo Circling Eagle
100%
Mortis Coiled Snake
100%
Mortis Creepy Harvest
100%
Poco Da Capo
100%
Dynamike Demolition
100%
Charlie Digestive
100%
Meeple Do Not Pass Go
100%
Dynamike Dyna-Jump
100%
El Primo El Fuego
100%
Jessie Energize
100%
Melodie Extended Mix
100%
Jae-Yong Extra High Note
100%
Barley Extra Noxious
100%
Buzz Eyes Sharp
100%
Gray Fake Injury
100%
Doug Fast Food
100%
Ruffs Field Promotion
100%
Ash First Bash
100%
Edgar Fisticuffs
100%
Berry Floor Is Fine
100%
Angelo Flow
100%
Grom Foot Patrol
100%
Gale Freezing Snow
100%
Fang Fresh Kicks
100%
Stu Gaso-Heal
100%
Belle Grounded
100%
Juju Guarded Gris-Gris
100%
Eve Happy Surprise
100%
Mandy Hard Candy
100%
Shade Hardened Hoodie
100%
Edgar Hard Landing
100%
Jacky Hardy Hard Hat
100%
Tara Healing Shade
100%
Gus Health Bonanza
100%
Sam Hearty Recovery
100%
Pearl Heat Retention
100%
Penny Heavy Coffers
100%
Bibi Home Run
100%
Bea Honeycomb
100%
Emz Hype
100%
Nita Hyper Bear
100%
Lola Improvise
100%
Byron Injection
100%
Otis Ink Refills
100%
Mandy In My Sights
100%
Bea Insta Reload
100%
Hank It's Gonna Blow
100%
Ollie Kick Push
100%
Alli Lizard Limbs
100%
Ash Mad As Heck
100%
Gene Magic Puffs
100%
Colt Magnum Special
100%
Byron Malaise
100%
Pam Mama's Hug
100%
Pam Mama's Squeeze
100%
Colette Mass Tax
100%
Penny Master Blaster
100%
El Primo Meteor Rush
100%
Brock More Rockets
100%
Gray New Perspective
100%
Juju Numbing Needles
100%
Sprout Overgrowth
100%
Maisie Pinpoint Precision
100%
Chuck Pit Stop
100%
Gigi Plie Protection
100%
8-Bit Plugged In
100%
Belle Positive Feedback
100%
Carl Power Throw
100%
Finx Primer
100%
Carl Protective Pirouette
100%
Clancy Pumping Up
100%
Colette Push It
100%
R-T Quick Maths
100%
R-T Recording
100%
Mico Record Smash
100%
Sam Remote Recharge
100%
Mr.P Revolving Door
100%
Rico Robo Retreat
100%
Brock Rocket No. 4
100%
Darryl Rolling Reload
100%
Poco Screeching Solo
100%
Lola Sealed With A Kiss
100%
Doug Self Service
100%
Shelly Shell Shock
100%
Jessie Shocky
100%
Moe Skipping Stones
100%
Colt Slick Boots
100%
Piper Snappy Sniping
100%
Bo Snare A Bear
100%
Lily Spiky
100%
Gus Spirit Animal
100%
Gene Spirit Slap
100%
Frank Sponge
100%
Shade Spooky Speedster
100%
Janet Stage View
100%
Darryl Steel Hoops
100%
Rico Super Bouncy
100%
Max Super Charged
100%
Lou Supercool
100%
Squeak Super Sticky
100%
Nani Tempered Steel
100%
Ziggy The Great Ziggini
100%
Rosa Thorny Gloves
100%
Chuck Tickets Please
100%
Bolt Toss Up
100%
Buzz Tougher Torpedo
100%
Bull Tough Guy
100%
Maisie Tremors
100%
Eve Unnatural Order
100%
Lily Vigilance
100%
Janet Vocal Warm Up
100%
Tick Well Oiled
100%
Grom X-Factor
100%
Stu Zero Drag
100%
Kaze Advanced Technniques
0%
Nani Autofocus
0%
Glowy Biotec Ecosystem
0%
Mina Blown Away
0%
Crow Carrion Crow
0%
Trunk Colony Scouts
0%
Cordelius Comboshrooms
0%
Jacky Counter Crash
0%
Damian Crowdkill
0%
Spike Curveball
0%
Fang Divine Soles
0%
Sirius Dusk Runners
0%
Angelo Empower
0%
Draco Expose
0%
Crow Extra Toxic
0%
Melodie Fast Beats
0%
Spike Fertilize
0%
Meg Force Field
0%
Kaze Gratuity Included
0%
Lumi Half-Time
0%
Mr.P Handle With Care
0%
Sandy Healing Winds
0%
Pearl Heat Shield
0%
Meg Heavy Metal
0%
Finx Hieroglyph Halt
0%
Lou Hypotermia
0%
Leon Invisiheal
0%
Griif Keep The Change
0%
Buster Kevlar Vest
0%
Willow Love Is Blind
0%
Berry Making A Mess
0%
Barley Medical Use
0%
Pierce Mission: Swimpossible
0%
Mico Monkey Business
0%
Cordelius Mushroom Kingdom
0%
Starr Nova Mystical StarrTechnique
0%
Trunk New Insect Overlords
0%
Kenji Nigiri Nemesis
0%
Willow Obession
0%
Kit Overly Attached
0%
Glowy Parasitism
0%
Sprout Photosynthesis
0%
Rosa Plant Life
0%
Najia Poisonous Protector
0%
Frank Power Crab
0%
Kit Power Hungry
0%
Starr Nova Power Level: Maximum
0%
Larry & Lawrie Protocol: Assist
0%
Larry & Lawrie Protocol: Protect
0%
Clancy Recon
0%
Ollie Renegade
0%
Sandy Rude Sands
0%
Meeple Rule Bending
0%
Max Run N Gun
0%
Amber Scorchin' Siphon
0%
Surge Serve Ice Cold
0%
Draco Shredding
0%
Chester Single Bell'O'Mania
0%
Charlie Slimy
0%
Pierce Slip'N Snipe
0%
Leon Smoke Trails
0%
Chester Sneak Peek
0%
Moe Speeding Ticket
0%
Otis Stencil Glue
0%
Kenji Studied The Blade
0%
Hank Take Cover
0%
Jae-Yong The Crowd Goes Mild
0%
Sirius The Darkest Starr
0%
Ziggy Thunderstruck
0%
Surge To The Max
0%
Bolt Unstopaball
0%
Najia Venomous
0%
Damian Vulgar Display of Punch
0%
Amber Wild Flames
0%
Bonnie Wisdom Tooth
0%
Alli You Better Run You Better Take Cover
0%
Mina Zum Zum Zum
0%
No matching quizzes found
Score Distribution
Percent of People with Each Score
Percentile by Number Answered
Your Score History
You have not taken this quiz